000 00376 a2200145 4500
001 63333
040 _cAnchieta - Pituba
100 _aMELO, Alicio Gustavo de Freitas Abreu
240 1 0 _a2ª Avaliação de Ciências, II Unidade
_lpor
245 1 0 _a2ª Avaliação de Ciências, II Unidade
300 _a7
362 0 _a2017
650 4 _aGeografia e História
942 _cBK
999 _c63333
_d63333